000 00244nam a2200109Ia 4500
008 190912s9999||||xx |||||||||||||| ||und||
100 _aConan Doyle
245 0 _aSherlock Holmes
260 _aKarachi
_bOxford
_c1996
300 _a88
942 _cBK
999 _c7289
_d7289